Dobytok v podhorskom prostredí
Primárne postavenie chovu hovädzieho dobytka v celkovom hospodárení poľnohospodárskeho družstva Liptovský Ondrej. Vývoj chovu hovädzieho dobytka, cieľavedomá selekcia, zmeny vo výžive. Nové technologické linky v rámci dojenia a chladenia mlieka. Dlhodobo budovaná efektívna úroveň v podhorských oblas...
Saved in:
| Main Author: | |
|---|---|
| Format: | Book Chapter |
| Language: | Slovak |
| Subjects: | |
| Tags: |
No Tags, Be the first to tag this record!
|
MARC
| LEADER | 00000naa a2200000 4500 | ||
|---|---|---|---|
| 001 | r017228 | ||
| 005 | 20221213095648.5 | ||
| 041 | 0 | |a slo | |
| 044 | |a SK | ||
| 245 | 1 | 0 | |a Dobytok v podhorskom prostredí |c J. Paciga |
| 520 | |a Primárne postavenie chovu hovädzieho dobytka v celkovom hospodárení poľnohospodárskeho družstva Liptovský Ondrej. Vývoj chovu hovädzieho dobytka, cieľavedomá selekcia, zmeny vo výžive. Nové technologické linky v rámci dojenia a chladenia mlieka. Dlhodobo budovaná efektívna úroveň v podhorských oblastiach. | ||
| 610 | 2 | 0 | |a Slovensko |
| 610 | 2 | 0 | |a poľnohospodárstvo |
| 610 | 2 | 0 | |a družstvá poľnohospodárske |
| 610 | 2 | 0 | |a chov zvierat |
| 610 | 2 | 0 | |a výroba živočíšna |
| 610 | 2 | 0 | |a Poľnohospodárske družstvo Liptovský Ondrej |
| 610 | 2 | 0 | |a mäso |
| 610 | 2 | 0 | |a mlieko |
| 610 | 2 | 0 | |a 1984-1995 |
| 610 | 2 | 0 | |a regióny podhorské |
| 100 | 1 | |a Paciga, J. | |